| 000 | nam a22 a 4500 | ||
|---|---|---|---|
| 999 |
_c218 _d218 |
||
| 003 | AKMAL | ||
| 005 | 20170427085039.0 | ||
| 008 | 981214s1998 my 00 may d | ||
| 020 |
_a9831000439 (kkt.) : _cRM 25.00 |
||
| 040 | _aAKMAL | ||
| 082 | 0 | 4 | _a320.95951 RAM |
| 090 | 0 | 0 |
_a320.95951 _bRAM |
| 100 | 0 |
_aRamlah Adam, _d1950- _9492 |
|
| 245 | 1 | 0 |
_aKemelut politik Semenanjung Tanah Melayu / _cRamlah Adam |
| 260 |
_aKuala Lumpur : _bPenerbit Universiti Malaya, _c1998 |
||
| 300 | 0 | 0 |
_axi, 317ms. : _c22cm |
| 500 | _aMengandungi indeks | ||
| 504 | _aBibliografi: ms. 307 - 313 | ||
| 650 | 0 |
_aMalay _xPolitics and government _9493 |
|
| 650 | 0 |
_aMalay _xPolitics and government _zMalaya _9494 |
|
| 942 |
_2ddc _cBOOK |
||